000 01149nam a2200277 c 4500
001 000030484
003 RuMoIPM
005 20260505140010.0
008 230210s1969 ru ||||||| |||| ||rus d
035 _a(RuMoBEN) 002015268
035 _a(ELAR retro) [2022] 000105616
040 _aRuMoBEN
_brus
_ercr
041 0 _arus
_heng
044 _aru
080 _a51(0.062)
100 1 _aРеньи, Альфред
245 1 0 _aДиалоги о математике
_cА. Реньи ; Пер. с англ. Д. Б. Гнеденко и Е. А. Масловой ; Под ред. и с предисл. Б. В. Гнеденко
260 _aМосква
_bМир
_c1969
300 _a96 с.
_bил., портр.
490 0 _aВ мире науки и техники
500 _aПер. изд. : Dialogues on mathematics / Alfréd Rényi. - San Francisco [etc.], 1968
700 1 _aМаслова, Е. А.
_eпер.
700 1 _aГнеденко Дмитрий Борисович
_eпер.
_eред.
_eавт. предисл.
856 _qapplication/pdf
_uhttp://www.vixri.ru/d/Ren'i%20Al'fred%20_Dialogi%20o%20matematike.pdf
942 _cBK
999 _c30484
_d30484